| 000 | 00397nam a2200109Ia 4500 | ||
|---|---|---|---|
| 008 | 171204s9999 xx 000 0 und d | ||
| 245 | _aWilliam Kaizen - Against Immediacy: Video Art and Media Populism: (Interfaces: Studies in Visual Culture) | ||
| 245 | _cWilliam Kaizen | ||
| 260 | _c2016 | ||
| 650 | _xVIDEO PRODUCTION AND DIRECTION | ||
| 856 | _uhttp://down.ebook777.com/029/AgainstImmediacy.pdf | ||
| 999 |
_c346206 _d346206 |
||